Bilecik Bilecik Bilecik Bilecik Bilecik

Din psikolojisi/ (Record no. 51267)

MARC details
000 -BAŞLIK
Sabit Uzunluktaki Kontrol Alanı 01077nam a22003737a 4500
001 - KONTROL NUMARASI
Control Dosyası 0051443
003 - KONTROL NUMARASI KİMLİĞİ
Kontrol Alanı KOHA_MİRAKIL
005 - EN SON İŞLEM TARİHİ ve ZAMANI
Kontrol Alanı 20260207003806.0
007 - FİZİKSEL TANIM SABİT ALAN - GENEL BİLGİ
Sabit uzunluklu kontrol alanı ta
008 - SABİT UZUNLUKTAKİ VERİ ÖGELERİ - GENEL BİLGİ
Sabit Alan 150629b2014 tu |||gr||||#||||0|tur |
020 ## - ISBN - ULUSLARARASI STANDART KİTAP NUMARASI
Isbn 9786053953180
040 ## - KATALOGLAMA KAYNAĞI
Özgün Kataloglama Kurumu TR-BiSEU
Kataloglama Dili tur
Çeviri Kurumu TR-BiSEU
Açıklama Kuralları rda
041 0# - DİL KODU
Metin ya da ses kaydının dil kodu tur
044 ## - YAYINLAYAN/ÜRETEN KURULUŞUN ÜLKE KODU
ISO country code tu
050 ## - SINIFLAMA ve YER NUMARASI
Sınıflama Numarası BL53
Yer Numarası .C57 2014
100 1# - KİŞİ ADI
Yazar Adı (Kişi adı) Cirhinlioğlu, Fatma Gül.
245 1# - ESER ADI BİLDİRİMİ
Başlık Din psikolojisi/
Sorumluluk Bildirimi Fatma Gül Cirhinlioğlu ; Fatma Gül Cirhinlioğlu.
250 ## - BASIM BİLDİRİMİ
Basım Bildirimi 2. Basım
264 #1 - ÜRERİM, YAYIN, DAĞITIM ve TELİF BİLDİRİMİ
Yayın yeri Ankara :
Yayınlayan Nobel Yayın Dağıtım
Yayın tarihi 2014
300 ## - FİZİKSEL TANIMLAMA
Sayfa, Cilt vb. VII, 224 sayfa ;
Boyutları 24 cm.
336 ## - İÇERİK TÜRÜ
Content type term metin
Content type code txt
Source rdacontent
337 ## - MEDYA TÜRÜ
Media type term aracısız
Media type code n
Source rdamedia
338 ## - TAŞIYICI TÜRÜ
Carrier type term cilt
Carrier type code nc
Source rdacarrier
490 1# - DİZİ BİLDİRİMİ
Dizi Bildirimi Nobel yayın ;
Cilt Numarası no.
490 1# - DİZİ BİLDİRİMİ
Dizi Bildirimi 1508.
490 1# - DİZİ BİLDİRİMİ
Dizi Bildirimi Sosyal Bilimler ;
Cilt Numarası 91.
500 ## - GENEL NOT
Genel Not Kaynakça var.
650 #0 - KONU BAŞLIĞI EK GİRİŞ - KONU TERİMİ
Konusal terim veya coğrafi ad Psikoloji, Din.
9 (RLIN) 78650
650 #0 - KONU BAŞLIĞI EK GİRİŞ - KONU TERİMİ
Konusal terim veya coğrafi ad Psychology, Religious.
9 (RLIN) 22758
830 1# - SERİ EK GİRİŞİ - TEKBİÇİM ESER ADI
Tekbiçim Başlık Nobel yayın ;
Volume number/sequential designation no.
9 (RLIN) 1510
830 1# - SERİ EK GİRİŞİ - TEKBİÇİM ESER ADI
Tekbiçim Başlık 1508.
9 (RLIN) 95697
830 1# - SERİ EK GİRİŞİ - TEKBİÇİM ESER ADI
Tekbiçim Başlık Sosyal Bilimler ;
Volume number/sequential designation 91.
9 (RLIN) 95451
942 ## - EK GİRİŞ ÖGELERİ (KOHA)
Source of classification or shelving scheme Library of Congress Classification
Koha item type Book
Holdings
Materyal Türü Kalıcı Konum Mevcut Konum Raf Yeri Sınıflandırma Kaynağı Edinim Bilgisi Ana Konular Alt Konular Yer Numarası Demirbaş Numarası Fatura Tarihi Maliyet, Alış Fiyatı Maliyet, Yenileme Fiyatı Geri Çekilme Durumu Kayıp Durumu Hasarlı Durumu Kredi için değil Kayıt Tarih Toplam Ödünçverme Son Görülme Tarihi Son Kontrol Tarihi Satın Alma Notu
Book Prof. Dr. Azmi Özcan Kütüphanesi Prof. Dr. Azmi Özcan Kütüphanesi Uluğbey Salonu Library of Congress Classification Satın FELSEFE, PSİKOLOJİ, DİN Dinler, Mitoloji, Rasyonalizm BL53 .C57 2014 0051443 07/07/2015 11.17 11.17         29/06/2015   05/12/2024 05/12/2024 B-984687 - B-984797